Central Library OPAC University of Rajshahi

বাংলাদেশের কবিতা ও উপন্যাস : (Record no. 39096)

MARC details
000 -LEADER
fixed length control field 01140nam a2200253 a 4500
001 - CONTROL NUMBER
control field 39096
003 - CONTROL NUMBER IDENTIFIER
rucl marc code BD-RjUL
005 - DATE AND TIME OF LATEST TRANSACTION
control field 20211209052921.0
008 - FIXED-LENGTH DATA ELEMENTS--GENERAL INFORMATION
fixed length control field 160404r20091996bg ||||e |||| 00| 0 ben d
020 ## - INTERNATIONAL STANDARD BOOK NUMBER
International Standard Book Number 9840747568
Terms of availability : Tk. 140.00
035 ## - SYSTEM CONTROL NUMBER
System control number (BD-RjUL)39208
040 ## - CATALOGING SOURCE
Original cataloging agency BD-RjUL
Language of cataloging ben
Transcribing agency BD-RjUL
041 ## - LANGUAGE CODE
Language code of text/sound track or separate title ben
082 ## - DEWEY DECIMAL CLASSIFICATION NUMBER
Edition number 23
Classification number 891.4409
Author mark and year SUB 2009
100 ## - MAIN ENTRY--PERSONAL NAME
Personal name সুলতান, আমিনুর রহমান
9 (RLIN) 120648
245 10 - TITLE STATEMENT
Title বাংলাদেশের কবিতা ও উপন্যাস :
Remainder of title মুক্তিযুদ্ধের চেতনা /
Statement of responsibility, etc. আমিনুর রহমান সুলতান
260 ## - PUBLICATION, DISTRIBUTION, ETC. (IMPRINT)
Place of publication, distribution, etc. ঢাকা :
Name of publisher, distributor, etc. বাংলা একাডেমি ঢাকা ,
Date of publication, distribution, etc. ১৯৯৬ [পুনর্মুদ্রণ ২০০৯]
300 ## - PHYSICAL DESCRIPTION
Pagination [১২],২৩২ পৃ.;
Size ২২ সেমি.
490 ## - SERIES STATEMENT
Series statement বাএ ;
Volume/sequential designation ৪৭৪৭
650 ## - SUBJECT ADDED ENTRY--TOPICAL TERM
Topical term or geographic name as entry element বাংলা সাহিত্য
Form subdivision ইতিহাস ও সমালোচনা
9 (RLIN) 117445
Topical term or geographic name as entry element Bengali Literature
Form subdivision History and Criticism
9 (RLIN) 130122
830 ## - SERIES ADDED ENTRY--UNIFORM TITLE
Uniform title বাএ ;
Volume number/sequential designation ৪৭৪৭
942 ## - ADDED ENTRY ELEMENTS (KOHA)
Source of classification or shelving scheme Dewey Decimal Classification
Koha item type Books
Holdings
Lost status Source of classification or shelving scheme Damaged status Not for loan Collection code Permanent Location Current Location Shelving location Date acquired Source of acquisition Cost, normal purchase price Total Checkouts Full call number Date last seen Copy number Koha item type Total Renewals Checked out Date checked out
  Dewey Decimal Classification   Not For Loan Non-fiction Central Library, University of Rajshahi Central Library, University of Rajshahi Reading Room 23/06/2013 Bangla Academy, Dhaka 140.00   B 891.4409 SUB 2009 04/04/2016 C-1 Books      
  Dewey Decimal Classification     Non-fiction Central Library, University of Rajshahi Central Library, University of Rajshahi   23/06/2013 Bangla Academy, Dhaka 140.00 13 B 891.4409 SUB 2009 17/12/2021 C-2 Books   11/04/2019 17/12/2021
  Dewey Decimal Classification     Non-fiction Central Library, University of Rajshahi Central Library, University of Rajshahi   23/06/2013 Bangla Academy, Dhaka 140.00 14 B 891.4409 SUB 2009 23/11/2025 C-3 Books     11/11/2025